Reinado de Dios e imperio: ensayo de teología social

Saved in:
Bibliografiske detaljer
Hovedforfatter: González Fernández, Antonio (teólogo)
Format: Bog
Sprog:spansk
Udgivet: Santander Sal Terrae 2003
Udgivelse:1a. ed
Serier:Colección Panorama, 2
Fag:
Tags: Tilføj Tag
Ingen Tags, Vær først til at tagge denne postø!

MARC

LEADER 00000cam a2200000 a 4500
001 UCE1460
003 CL-VaPUC
008 140414e20030000sp |||||||||||||||||spa|d
020 |a 8429315004 
082 0 4 |a 231.72  |b GON  |2 21 
100 |a González Fernández, Antonio  |e teólogo  |9 887854 
245 1 0 |a Reinado de Dios e imperio: ensayo de teología social 
250 |a 1a. ed 
300 |a 414 p 
942 |c BK 
945 |d 20140414  |a dcastane 
260 |a Santander  |b Sal Terrae  |c 2003 
650 0 |a Reino de Dios   |9 327654 
650 0 |a Teología social  |9 326726 
650 0 |a Globalización  |9 361930 
583 |a last modification  |c 20140424 12:14:12  |k Rodrigo Vera 
490 0 |a Colección Panorama, 2 
999 |c 355241  |d 355239 
952 |0 0  |1 0  |3 erb  |4 0  |6 231_720000000000000_GON_2003  |7 0  |8 A  |9 461797  |a BIBTEO  |b BIBTEO  |i 5068037  |l 2  |m 4  |o 231.72 GON 2003  |p 5068037  |q 2025-12-31  |r 2020-07-31  |s 2020-07-31  |w 2019-11-23  |y BK  |z Catalogado en:20140414  |k ICR